All White House Chiefs of Staff - Statistics

General Stats
  • This quiz has been taken 8 times
  • The average score is 22 of 40
Answer Stats
Dates served President Answer % Correct
January 20, 2025 - present Donald Trump Susie Wiles
100%
November 20, 1975- January 20, 1977 Gerald Forld Dick Cheney
71%
July 31, 2017 -January 2, 2019 Donald Trump John Kelly
71%
January 20, 2021 -February 7, 2023 Joe Biden Ron Klain
71%
May 4, 1973 -September 21, 1973 Gerald Ford Al Haig
57%
January 20, 2001 -April 14, 2006 George W. Bush Andy Card
57%
January 13, 2011 - January 27, 2012 Barack Obama Bill Daley
57%
February 4, 1985 - February 27, 1987 Ronald Reagan Don Regan
57%
July 18, 1979 -June 11, 1980 Jimmy Carter Ham Jordan
57%
February 27, 1987 -July 1,1988 Ronald Reagan Howard Baker
57%
January 27, 2012 - January 20, 2013 Barack Obama Jack Lew
57%
June 11, 1980 - January 20, 1981 Jimmy Carter Jack Watson
57%
January 20, 1981 -February 4,1985 Ronald Reagan James Baker
57%
August 23, 1992, - January 20, 1993 George H.W. Bush James Baker
57%
April 26, 1968 - January 20, 1969 Lyndon B. Johnson James Jones
57%
February 8, 2023 - January 20, 2025 Joe Biden Jeff Zients
57%
December 12, 1946 - January 20, 1953 Harry Truman John Steelman
57%
April 14, 2006 -January 20, 2009 George W. Bush Josh Bolten
57%
January 20, 1961 - November 22, 1963 John F. Kennedy Kenneth O'Donnell
57%
March 31, 2020 - January 20, 2021 Donald Trump Mark Meadows
57%
June 1, 1966 -April 26, 1968 Lyndon B. Johnson Marvin Watson
57%
October 1, 2010 - January 13, 2011 (acting) Barack Obama Pete Rouse
57%
January 20, 2009 - October 1, 2010 Barack Obama Rahm Emanuel
57%
January 20, 2017 - July 31, 2017 Donald Trump Reince Priebus
57%
January 20, 1953 - October 7, 1958 Dwight D. Eisenhower Sherman Adams
57%
November 22,1963 -October 14, 1964 Lyndon B. Johnson Walter Jenkins
57%
October 14, 1964 -July 8, 1965 Lyndon B. Johnson Bill Moyers
43%
January 20, 1969 - April 30, 1973 Richard Nixon Bob Haldeman
43%
January 20, 2013 - January 20, 2017 Barack Obama Denis McDonough
43%
September 21, 1973 -November 20, 1975 Gerald Ford Donald Rumsfeld
43%
January 20, 1997 - October 20, 1998 Bill Clinton Erskine Bowles
43%
July 8, 1965 - June 1, 1966 Lyndon B. Johnson Jack Valenti
43%
October 20, 1998 - January 20, 2001 Bill Clinton John Podesta
43%
January 20,1989 -December 16, 1991 George H.W Bush John Sununu
43%
July 1, 1988 - January 20, 1989 Ronald Reagan Ken Duberstein
43%
July 17, 1994 - January 20, 1997 Bill Clinton Leon Panetta
43%
January 20, 1993 - July 17, 1994 Bill Clinton Mack McLarty
43%
January 2, 2019 - March 31, 2020 (acting) Donald Trump Mick Mulvaney
43%
December 16, 1991 -August 23, 1992 George H.W. Bush Samuel Skinner
43%
October 7, 1958 - January 20, 1961 Dwight D. Eisenhower Wilton Persons
43%
No matching quizzes found
Score Distribution
Percent of People with Each Score
Percentile by Number Answered
Your Score History
You have not taken this quiz